MDQL
is popping MORE tags! Check the
thread
!
Quizzes
Events
Quiz Creation
Community
Videos
Private Events
Remove Ads
Sign In
Join for FREE
Feedback
Dark Mode
Quiz Categories
Sports
Geography
Music
Movies
Television
Just For Fun
Miscellaneous
History
Literature
Language
Science
Gaming
Entertainment
Religion
Holiday
For Kids
Quiz Lab
Recent
Popular Today
Quiz Kudos Today
Editor Picks
Curator Picks
Quizzes by...
Day
Popularity
Type
Ratings
Length
Year
Community
Subscriptions
Recent Discussions
Orange Saloon
Badges
Playlists
Quests
Create
Leaderboards
Showdown
Live 5
Trivia Bingo
Activity
Puzzle Library
Sporcle Events
Private Events
Virtual Trivia
Globe League
Become a Host
Pub Owners
SporcleCon
Opinionation
Our Games
Videos
Blog
Mobile Apps
Partnerships
Remove Ads and Go Orange
Feedback
Geography
Country
Landmarks
City
State
Population
World
Capital
Continent
Flags
Europe
Africa
Asia
South America
North America
Oceania
Border
Canada
United Kingdom
Topography
United States
Geography
Country
Landmarks
City
State
Population
World
Capital
Continent
Flags
Europe
Africa
Asia
South America
North America
Oceania
Border
Canada
United Kingdom
Topography
United States
Random Quiz
Search Sporcle
×
Quiz Lab
Quiz Lab
Geography
City
Type in answers that appear in a list
Type in answers that appear in a list
Classic
Best Score? Go Orange.
Name of Cities, Towns, and Villages in Hokuriku, Japan (Copy) Stats
Can you name the Name of Cities, Towns, and Villages in Hokuriku, Japan (Niigata, Toyama, Ishikawa, Fukui)?
By
tozangezan
10m
81 Questions
52 Plays
52 Plays
52 Plays
Comments
Comments
Give Quiz Kudos
Give Quiz Kudos
-
- Ratings
hide this ad
Replay
Link that replays current quiz
Next Quiz
Link to next quiz in quiz playlist
You Got
0%
They Got
Avg Score
65%
Avg Friend Score
Upgrade to see
Score Distribution
Jump to the score distribution portion of the page
Score
0/81
Timer
10:00
0
Plays Today
Hint
Answer
% Correct
市
Niigata
100%
市
Fukui
96.2%
市
Joetsu
94.2%
市
Toyama
94.2%
市
Kanazawa
94.2%
市
Nagaoka
90.4%
市
Sanjo
88.5%
市
Uonuma
88.5%
市
Komatsu
88.5%
市
Kaga
88.5%
市
Kashiwazaki
86.5%
市
Shibata
86.5%
市
Murakami
86.5%
市
Itoigawa
86.5%
町
Yuzawa
86.5%
市
Takaoka
86.5%
市
Tsubame
84.6%
市
Minamiuonuma
84.6%
市
Echizen
84.6%
町
Echizen
84.6%
町
Noto
82.7%
市
Obama
82.7%
市
Sabae
82.7%
市
Sado
80.8%
町
Tsunan
80.8%
市
Wajima
78.8%
市
Tsuruga
78.8%
Hint
Answer
% Correct
市
Kurobe
76.9%
市
Tokamachi
75%
市
Myoko
75%
村
Kariwa
75%
市
Nanao
75%
市
Hakusan
75%
市
Gosen
73.1%
市
Himi
73.1%
市
Suzu
73.1%
市
Nanto
71.2%
町
Wakasa
71.2%
市
Uozu
67.3%
市
Imizu
67.3%
市
Nonoichi
67.3%
市
Sakai
67.3%
市
ono
65.4%
町
Aga
63.5%
市
Tonami
63.5%
村
Awashimaura
61.5%
市
Agano
59.6%
市
Awara
59.6%
市
Hakui
57.7%
市
Kahoku
57.7%
市
Ojiya
55.8%
市
Namerikawa
53.8%
町
Tateyama
53.8%
市
Katsuyama
53.8%
Hint
Answer
% Correct
市
Tainai
51.9%
市
Oyabe
50%
市
Nomi
50%
町
Nakanoto
50%
町
Minamiechizen
50%
町
Mihama
50%
村
Yahiko
48.1%
村
Funahashi
48.1%
市
Kamo
46.2%
町
Seiro
46.2%
町
Tsubata
46.2%
町
Takahama
46.2%
市
Mitsuke
44.2%
町
Hodatsushimizu
44.2%
町
Anamizu
44.2%
町
Asahi
42.3%
町
Uchinada
42.3%
町
Izumozaki
40.4%
町
Eiheiji
40.4%
町
Nyuzen
38.5%
町
oi
36.5%
村
Sekikawa
34.6%
町
Kamiichi
34.6%
町
Shika
32.7%
町
Tagami
28.8%
町
Ikeda
28.8%
町
Kawakita
23.1%
Quiz Playlist
Details
Report
Send in Message
Add To Playlist
Classic:
Type in answers that appear in a list
Last Updated: Feb 16, 2017
Quiz Scoreboard
CHALLENGE
Sign Up to Join the Scoreboard
Show All
Scores
Hide
Comments
May contain spoilers
Recently Published
Find the 'City' Movie
by crazypaving
Movies
60s
5x2 Blitz: Bands
by SL_Kpop136
Music
30s
Colored Red Africa Blitz
by spor1
Geography
30s
More to Explore
Quiz From the Vault
Featured Blog Post
14 Easter Pick-up Lines to Find Eggs With
hide this ad
You Might Also Like...
Tags
City Quiz
Japan
Town
Village
Today's Top Quizzes in Geography
Browse Geography
hide this ad
Today's Top Quizzes in City
Browse City
Top Contributed Quizzes in Geography
1
Countries of the World - No Outlines Minefield
2
Colored Red Europe Blitz I
3
Colored Red Africa Blitz II
4
Colored Red Europe Blitz II
5
Colored Red Africa Blitz III
6
Colored Red Europe Blitz III
7
Colored Red States Blitz I
8
African Flag Reveal XLVI
9
Colored Red States Blitz II
10
Colored Red States Blitz III
Explore More
Trending Topics
Disney
Anime
Harry Potter
Crossword
Kpop
NBA
Marvel
Puzzle
Soccer
Pokémon
Country
WWE
Song
NFL
The Office
hide this ad
More By:
tozangezan
Quiz
Plays
Rating
Category
Featured
Created
Name of Cities, Towns, and Villages in Greater-Tokyo (Copy)
338
Geography
Jan 29, 2017
Name of Cities, Towns, Villages in Hokkaido, Japan
170
5.00
Geography
Jan 29, 2017
Name of Cities, Towns, and Villages in Kyushu, Japan (Copy)
101
5.00
Geography
Jan 29, 2017
Name of Cities, Towns, and Villages in Chubu, Japan (Copy)
84
Geography
Jan 29, 2017
Name of Cities, Towns, and Villages in Kitakanto, Japan
82
5.00
Geography
Jan 29, 2017
Go to Creator's Profile
Score Distribution
Quiz Creator Spotlight
tozangezan
Follow
Send a Message
Quizzes Created
-
Created Quiz Play Count
-
More By This Creator
Popular Quizzes Today
1
Colored Red Africa Blitz
2
Find the 'City' Movie
3
Find the US States - No Outlines Minefield
4
5x2 Blitz: Bands
5
The Countries of the World
6
Find the US States
7
Find the Countries of Europe - No Outlines Minefield
8
US States
More Geography Quizzes
Nameless Countries
Editor's Pick
Trending Quizzes
Colored Red Europe Blitz I
Colored Red Africa Blitz II
Colored Red Europe Blitz II
Colored Red Africa Blitz III
Colored Red Europe Blitz III
Recently Updated
How Do You Spell That?
pecheneg
Godzilla Movies
pecheneg
Grab Bag: 4-10 Letters
pecheneg
2024 March Madness Bracket
pecheneg
Famous TV Couples
Peacemaker
Champions League XIs: Real Madrid
pecheneg
Largest US Cities 1790-2010
pecheneg
Rides in Walt Disney World
pecheneg
Most Oscar Losses (Acting)
pecheneg
Beyoncé Albums
pecheneg
Trending Topics
Kpop
NBA
Crossword
Anime
Disney
Harry Potter
Marvel
Pokémon
Song
The Office
Country
WWE
NFL
Soccer
Puzzle
Your Account Isn't Verified!
In order to create a playlist on Sporcle, you need to verify the email address you used during registration. Go to your
Sporcle Settings
to finish the process.
Report this User
Report this user for behavior that violates our
Community Guidelines
.
Details:
Send Report
Go to the Sporcle.com Mobile Site →
Comments